00401nam a2200193Ia 4500003000900000008004100009040001300050040001300063041000800076100001800084245003000102250000900132260001400141260000900155300001100164300001000175490001600185490000600201IT-RoPAU120407s9999 xx 000 0 und d aIT-RoPAU cIT-RoPAU aita aGeorges Goyau aSanta Melania (383 - 439) aRoma aDesclée c1909 a200 p. c18 cm aI Santi, 36 v1